Mladí manažeři chtějí flexibilitu v práci a dobrý plat
Typické črty generácie Y. Ovplyvňuje generácia Y český pracovný trh?
Salvato in:
| Autore principale: | |
|---|---|
| Natura: | Capitolo di libro |
| Lingua: | ceco |
| Soggetti: | |
| Tags: |
Nessun Tag, puoi essere il primo ad aggiungerne!!
|
MARC
| LEADER | 00000naa a2200000 4500 | ||
|---|---|---|---|
| 001 | 0156594 | ||
| 005 | 20231113133100.5 | ||
| 041 | 0 | |a cze | |
| 044 | |a CZ | ||
| 245 | 1 | 0 | |a Mladí manažeři chtějí flexibilitu v práci a dobrý plat |c Alena Červenková |
| 520 | |a Typické črty generácie Y. Ovplyvňuje generácia Y český pracovný trh? | ||
| 610 | 2 | 0 | |a generácie |
| 610 | 2 | 0 | |a mladiství |
| 610 | 2 | 0 | |a manažéri |
| 610 | 2 | 0 | |a trh práce |
| 610 | 2 | 0 | |a Česko |
| 100 | 1 | |a Červenková, Alena | |